ბათუმის შოთა რუსთაველის სახელმწიფო უნივერსიტეტის ბიბლიოთეკა

ეროვნული მენტალიტეტის თავისებურებების გამოხატვა ფრანგულ და ქართულ ანდაზებში : (ბიბ.ჩანაწერი № 52027)

000 -ლიდერი
ფიქსირებული სიგრძის საკონტროლო ველი 01833nam a2200253Ia 4500
001 - საკონტროლო ნომერი
საკონტროლო ველი 19031
003 - საკონტროლო ნომრის იდენტიფიკატორი
საკონტროლო ველი GE_BSU
005 - ბოლო ოპერაციის თარიღი და დრო
საკონტროლო ველი 20210412163402.0
008 - ფიქსირებული სიგრძის მონაცემთა ელემენტები - ზოგადი ინფორმაცია
ფიქსირებული სიგრძის საკონტროლო ველი 181216s2015||||ge |||||||||||||| ||geo||
040 ## - კატალოგიზაციის წყარო
Transcribing agency GE_BSU
041 ## - ენის კოდი
Language code of text/sound track or separate title geo
080 ## - უნივერსალური ათობითი კლასიფიკაციის ინდექსი
Universal Decimal Classification number 82 მ-43
100 ## - მთავარი ჩანაწერი - პიროვნების სახელი
Personal name მაჭუტაძე, თამარ
9 (RLIN) 11233
245 ## - ცნობა სათაურის შესახებ
Title ეროვნული მენტალიტეტის თავისებურებების გამოხატვა ფრანგულ და ქართულ ანდაზებში :
Remainder of title (პარემიების თარგმანების მაგალითზე) /
Statement of responsibility, etc თამარ მაჭუტაძე; სამეცნიერო ხელმძღვანელი ნატალია სურგულაძე; ბათუმის შოთა რუსთაველის სახ-ფო უნ-ტი.
264 ## - წარმოების, გამოცემის, დისტრიბუციის და სხვა ცნობები
გამოცემის, წარმოების, დისტრიბუციის... ადგილი ბათუმი :
გამოცემის, წარმოების, დისტრიბუციის... სახელწოდება ბათუმის შოთა რუსთაველის სახ. უნ-ტი,
გამოცემის, წარმოების, დისტრიბუციის... თარიღი 2015.
300 ## - ფიზიკური აღწერა
Extent 201 გვ.
Other physical details 30 სმ.
653 ## - INDEX TERM--UNCONTROLLED
Uncontrolled term დისერტაცია
653 ## - INDEX TERM--UNCONTROLLED
Uncontrolled term ეროვნული მენტალიტეტის თავისებურებების გამოხატვა ფრანგულ და ქართულ ანდაზებში (პარემიების თარგმანების მაგალითზე)
653 ## - INDEX TERM--UNCONTROLLED
Uncontrolled term ლიტმცოდნეობა
653 ## - INDEX TERM--UNCONTROLLED
Uncontrolled term ლინგვისტიკა
700 ## - ADDED ENTRY--PERSONAL NAME
Personal name სურგულაძე, ნატალია
Relator term სამეცნიერო ხელმძღვანელი
9 (RLIN) 5439
710 ## - ADDED ENTRY--CORPORATE NAME
Corporate name or jurisdiction name as entry element ბათუმის შოთა რუსთაველის სახ-ფო უნ-ტი
9 (RLIN) 11234
942 ## - ADDED ENTRY ELEMENTS (KOHA)
Koha item type წიგნი
Source of classification or shelving scheme
ეგზემპლარები
ჩამოწერის სტატუსი დაკარგული ეგზემპლარის სტატუსი კლასიფიკაციის წყარო ან თაროზე გაწყობის სქემა დაზიანების სტატუსი არ გაიცემა მუდმივი მდებარეობა (დაცვის ადგილი) ამჟამინდელი ადგილსამყოფელი თაროზე განთავსების ადგილი შეძენის თარიღი სრული შენახვის შიფრი შტრიხკოდი ბოლო ოპერაციის თარიღი ეგზემპლარის მიმდევრობითი ნომერი (კეტერი?) ფასის ძალაში შესვლის თარიღი ეგზემპლარის სახეობა
          ბათუმის შოთა რუსთაველის სახელმწიფო უნივერსიტეტის მთავარი ბიბლიოთეკა ბათუმის შოთა რუსთაველის სახელმწიფო უნივერსიტეტის მთავარი ბიბლიოთეკა წიგნსაცავი 2018-12-17 82 მ-43 229 დისერტ. 2018-12-17 229 2018-12-17 დისერტაცია